| 000 | 00860cam a2200301 4500 | ||
|---|---|---|---|
| 008 | 090401t1992 xxu||||| |||| 00| 0 eng d | ||
| 020 | _a0854065504 | ||
| 035 | _a(Sirsi) u56358 | ||
| 041 | _aeng | ||
| 050 |
_a692.80285 _c18 |
||
| 090 | _aRICS 1992/56ABCD | ||
| 100 | _aBrandon, Peter | ||
| 245 | _aIntelligent authoring of construction contracts | ||
| 260 |
_aLondon _bRICS _c1992 |
||
| 300 |
_av, 37, (12)p. _c30cm. |
||
| 350 | _a4.95 | ||
| 490 |
_aRICS Research Paper Series _v(13) |
||
| 650 | _aBUILT ENVIRONMENT-BUILDING CONTRACT FORMS | ||
| 650 | _aCOMPUTERS | ||
| 690 | _aBUILT ENVIRONMENT-BUILDING CONTRACT FORMS | ||
| 700 | _aBasden, Andrew | ||
| 700 | _aHibberd, Peter | ||
| 700 | _aKirkham, John | ||
| 700 | _aTetlow, Stephen | ||
| 710 |
_aRoyal Institution of Chartered Surveyors _94900 |
||
| 942 | _n0 | ||
| 948 | _c04/03/1997 | ||
| 999 |
_c93778 _d93778 |
||